| 000 | 01473nam a22003137a 4500 | ||
|---|---|---|---|
| 005 | 20210325205357.0 | ||
| 008 | s2554 th tha d | ||
| 020 | _a9786167196077 | ||
| 041 | _atha | ||
| 050 | _aB841.4 ช892น 2554 | ||
| 100 | 0 | _aไชยรัตน์ เจริญสินโอฬาร | |
| 245 | 1 | 0 | _aแนะนำสกุลความคิดหลังโครงสร้างนิยม = Introducing poststructuralism |
| 260 | 3 |
_aกรุงเทพฯ : _bสมมติ, _c2554 |
|
| 300 |
_a237 หน้า ; _b 21 ซม. |
||
| 650 | 0 | 4 | _aนักปรัชญาสมัยใหม่ -- แนวคิด |
| 650 | 0 | 4 | _aเดอเลิซ, ชีลส์, 1925--1995 |
| 650 | 0 | 4 | _aลากอง, ฌาคส์, 1901--1981 |
| 650 | 0 | 4 | _aลีโยตาร์ด, ฌ็อง--ฟร็องซัวส์, 1924--1998 |
| 650 | 0 | 4 | _aฟูโกต์, มิเชล, 1926--1984 |
| 650 | 0 | 4 | _aPoststructuralism |
| 650 | 0 | 4 | _aแดร์ริดา, ฌาคส์, 1930--2004 |
| 650 | 0 | 4 | _aปรัชญาสมัยใหม่ |
| 650 | 0 | 4 | _aลัทธิหลังโครงสร้างนิยม |
| 850 | _aNALT | ||
| 942 | _cGB | ||
| 997 | _a39044 ฉ.1 / 39045 ฉ.2 | ||
| 997 | _c000000000063385 | ||
| 998 | _aนางสาวเบญจลักษณ์ สุทธิวิไล | ||
| 999 |
_c63385 _d63385 |
||